गृह- व्यवस्था / (Record no. 120559)

MARC details
000 -LEADER
fixed length control field 01132nam a22002777a 4500
003 - CONTROL NUMBER IDENTIFIER
control field dpl
005 - DATE AND TIME OF LATEST TRANSACTION
control field 20181121150736.0
008 - FIXED-LENGTH DATA ELEMENTS--GENERAL INFORMATION
fixed length control field 181121b ||||| |||| 00| 0 eng d
010 ## - LIBRARY OF CONGRESS CONTROL NUMBER
LC control number B-240345
020 ## - INTERNATIONAL STANDARD BOOK NUMBER
Terms of availability 200.00
International Standard Book Number 8188013159
035 ## - SYSTEM CONTROL NUMBER
System control number B-240345
037 ## - SOURCE OF ACQUISITION
Source of stock number/acquisition BPPD/PUB
040 ## - CATALOGING SOURCE
Original cataloging agency DPL
Language of cataloging HN
Transcribing agency 0
082 ## - DEWEY DECIMAL CLASSIFICATION NUMBER
Classification number 640
Item number शर्मासु
100 ## - MAIN ENTRY--PERSONAL NAME
Personal name शर्मा, सुमन
9 (RLIN) 91256
245 ## - TITLE STATEMENT
Title गृह- व्यवस्था /
Statement of responsibility, etc सुमन शर्मा
246 ## - VARYING FORM OF TITLE
Title proper/short title Grih vyavastha /
Remainder of title by Suman Sharma
260 ## - PUBLICATION, DISTRIBUTION, ETC. (IMPRINT)
Place of publication, distribution, etc दिल्ली
Name of publisher, distributor, etc कुनाल प्रकाशन
Date of publication, distribution, etc 2006
270 ## - ADDRESS
City दिल्ली
Address एल-४६ गली न. 5 शिवाजी मार्ग, करतार नगर
Postal code 110053
300 ## - PHYSICAL DESCRIPTION
Extent 192पृ.
Dimensions 21सेमी(सजिल्द )
650 ## - SUBJECT ADDED ENTRY--TOPICAL TERM
Topical term or geographic name as entry element गृह- व्यवस्था
General subdivision
Geographic subdivision
9 (RLIN) 52
650 ## - SUBJECT ADDED ENTRY--TOPICAL TERM
Topical term or geographic name as entry element गृह- व्यवस्था--पारिवारिक आय
9 (RLIN) 91257
650 ## - SUBJECT ADDED ENTRY--TOPICAL TERM
Topical term or geographic name as entry element House kepping
9 (RLIN) 91258
650 ## - SUBJECT ADDED ENTRY--TOPICAL TERM
Topical term or geographic name as entry element Home-law - Family income
9 (RLIN) 91259
942 ## - ADDED ENTRY ELEMENTS (KOHA)
Source of classification or shelving scheme Dewey Decimal Classification
Koha item type Hindi Books
Classification part 640
Call number suffix शर्मासु
Holdings
Withdrawn status Lost status Damaged status Not for loan Home library Current library Date acquired Source of acquisition Cost, normal purchase price Total Checkouts Full call number Barcode Date last seen Copy number Cost, replacement price Price effective from Koha item type Source of classification or shelving scheme Collection code
        Central Library Central Library 23/09/2015 Cen Lib/Ref 200.00   640 शर्मासु B-240341 23/09/2015 1 200.00 23/09/2015 Hindi Books    
        Shahdara Branch Shahdara Branch 21/11/2018 BPPD/PUB 200.00   640 शर्मासु B-240345 21/11/2018   200.00 21/11/2018 Hindi Books Dewey Decimal Classification Non-fiction

© Delhi Public Library
Hit Counter
free hit counter